| 000 -LEADER |
| fixed length control field |
01030nam a2200241Ia 4500 |
| 001 - CONTROL NUMBER |
| control field |
2890 |
| 003 - CONTROL NUMBER IDENTIFIER |
| control field |
GE_BSU |
| 005 - DATE AND TIME OF LATEST TRANSACTION |
| control field |
20221102095818.0 |
| 008 - FIXED-LENGTH DATA ELEMENTS--GENERAL INFORMATION |
| fixed length control field |
181216s1996ru xx |||||||||||||| ||rus|| |
| 020 ## - INTERNATIONAL STANDARD BOOK NUMBER |
| International Standard Book Number |
5864760838 |
| 040 ## - CATALOGING SOURCE |
| Transcribing agency |
GE_BSU |
| 041 ## - LANGUAGE CODE |
| Language code of text/sound track or separate title |
rus |
| 080 ## - UNIVERSAL DECIMAL CLASSIFICATION NUMBER |
| Universal Decimal Classification number |
368+33 Э-40 |
| 245 ## - TITLE STATEMENT |
| Title |
Экономика страхования и перестрахования / |
| Statement of responsibility, etc. |
Р.Т. Юлдашев , науч.ред. К.Е. Турбина, ред. В.И. Осипов |
| 264 ## - PRODUCTION, PUBLICATION, DISTRIBUTION, MANUFACTURE, AND COPYRIGHT NOTICE |
| Place of production, publication, distribution, manufacture |
Москва : |
| Name of producer, publisher, distributor, manufacturer |
АНКИЛ, |
| Date of production, publication, distribution, manufacture, or copyright notice |
1996. |
| 300 ## - PHYSICAL DESCRIPTION |
| Extent |
224 с .: |
| Other physical details |
20 см. |
| 653 ## - INDEX TERM--UNCONTROLLED |
| keyword |
Экономика страхования и перестрахования |
| 653 ## - INDEX TERM--UNCONTROLLED |
| keyword |
დაზღვევის და გადაზღვევის ეკონომიკა |
| 700 ## - ADDED ENTRY--PERSONAL NAME |
| Personal name |
Юлдашев, Р.Т. |
| Relator term |
რედაქტორი |
| 9 (RLIN) |
15703 |
| 700 ## - ADDED ENTRY--PERSONAL NAME |
| Personal name |
Турбина, К.Е. |
| Relator term |
სამეცნიერო რედაქტორი |
| 9 (RLIN) |
15704 |
| 700 ## - ADDED ENTRY--PERSONAL NAME |
| Personal name |
Осипов, В.И. |
| Relator term |
რედაქტორი |
| 9 (RLIN) |
15705 |
| 942 ## - ADDED ENTRY ELEMENTS (KOHA) |
| Koha item type |
წიგნი |
| Source of classification or shelving scheme |
|